| 000 | 00672cam a2200217 a 4500 | ||
|---|---|---|---|
| 020 | _a9780813810270 (hardcover : alk. paper) | ||
| 040 | _cDLC | ||
| 082 | 0 | 0 | _a636 WIL 2005 A042 Or. |
| 245 | 0 | 0 | _aVeterinary hematology and clinical chemistry / |
| 250 | _a2nd ed. | ||
| 260 |
_aAmes, Iowa : _bWiley-Blackwell, _c2012. |
||
| 300 |
_axii, 762 p. : _bill. (some col.) ; _c29 cm. |
||
| 650 | 0 | _aVeterinary hematology. | |
| 650 | 0 | _aVeterinary clinical chemistry. | |
| 650 | 1 | 2 | _aHematologic Diseases |
| 650 | 2 | 2 | _aClinical Chemistry Tests |
| 650 | 2 | 2 | _aClinical Laboratory Techniques |
| 650 | 2 | 2 | _aHematologic Diseases |
| 700 | 1 | _aThrall, Mary Anna. | |
| 942 | _cAEDBB | ||
| 999 |
_c20821 _d20821 |
||